Cooperar o perecer: el dilema de la comunidad mundial
Salvato in:
| Autore principale: | |
|---|---|
| Natura: | Libro |
| Lingua: | spagnolo |
| Pubblicazione: |
Buenos Aires, Argentina
GEL
1984
|
| Serie: | Colección Estudios Internacionales,
6 |
| Soggetti: | |
| Tags: |
Aggiungi Tag
Nessun Tag, puoi essere il primo ad aggiungerne!!
|
MARC
| LEADER | 00000nam a2200000 a 4500 | ||
|---|---|---|---|
| 001 | UCO0349 | ||
| 003 | CL-VaPUC | ||
| 005 | 20231102152716.0 | ||
| 008 | 000420e19840000AG |||||||||||||||||spa|d | ||
| 999 | |c 287060 |d 287058 | ||
| 040 | |c Pontificia Universidad Católica de Valparaíso | ||
| 082 | 0 | 4 | |a 909.82 SAN 1984 |2 21 |
| 100 | 0 | |a Santa Cruz, Hernán |e author |9 441559 | |
| 245 | 1 | 0 | |a Cooperar o perecer: |b el dilema de la comunidad mundial |
| 260 | |a Buenos Aires, Argentina |b GEL |c 1984 | ||
| 300 | |a volúmenes | ||
| 490 | 0 | |a Colección Estudios Internacionales, |v 6 | |
| 500 | |a v.1: Los Años de Creación 1941-1960 | ||
| 583 | |a last modification |c 20000420 00:00:00 |k Rodrigo Vera | ||
| 650 | 0 | |a Historia universal |9 266877 | |
| 650 | 0 | |a Historia contemporánea |9 343224 | |
| 650 | 0 | |a Posguerra |9 372262 | |
| 650 | 7 | |a ORGANISMOS INTERNACIONALES |2 CL-VaPUC |9 255448 | |
| 650 | 0 | |a Derechos humanos |9 223025 | |
| 650 | 7 | |a SUBDESARROLLO |2 CL-VaPUC |9 337696 | |
| 942 | |c BK |2 ddc | ||
| 945 | |d 20000420 00:00:00 |a rherrera | ||
| 952 | |0 0 |1 0 |2 ddc |4 0 |6 909_820000000000000_SAN_1984 |7 0 |8 A |9 333463 |a BIBHIS |b BIBHIS |d 2019-11-20 |h v.1 |i 1265075 |o 909.82 SAN 1984 |p 1265075 |r 2025-01-20 |t 1 |w 2019-11-20 |y BK |k HIS | ||
| 952 | |0 0 |1 0 |4 0 |6 909_820000000000000_SAN_1984 |7 0 |8 A |9 333464 |a BIBGIM |b BIBGIM |d 2019-11-20 |i 3609057 |o 909.82 SAN 1984 |p 3609057 |r 2025-01-15 |w 2019-11-20 |y BK |k ORI | ||